| 000 | 01065cam a22002531ia4500 | ||
|---|---|---|---|
| 003 | SA-RiAUC | ||
| 005 | 20240907145805.0 | ||
| 008 | 240906s2003 su g 00000bara c | ||
| 040 |
_aSA-RiKSU _bara _cSA-RiAUC _erda |
||
| 082 | 0 | 4 |
_a239 _qSA-RiAUC _bع م ر |
| 090 |
_a239 _bع م ر |
||
| 100 | 1 |
_aالعمري، أكرم ضياء، _d1942- _eمؤلف. |
|
| 245 | 1 | 2 |
_aالسيرة النبوية الصحيحة : _bمحاولة تطبيق قواعد المحدثين في نقد روايات السيرة النبوية / _cأكرم ضياء العمري. |
| 250 | _aالطبعة السابعة | ||
| 264 | 1 |
_aالرياض : _bمكتبة العبيكان، _c2013 |
|
| 300 |
_a821 و رقة _c24 سم |
||
| 336 |
_aنص _btxt _2rdacontent _3كتاب |
||
| 337 |
_aبدون وسيط _bn _2rdamedia |
||
| 338 |
_aمجلد _bnc _2rdacarrier |
||
| 600 | 0 | 7 |
_aمحمد (صلى الله عليه وسلم)، _d53 قبل الهجرة-11 هجري _2aucnm |
| 650 | 7 |
_aالسيرة النبوية _2aucsh |
|
| 942 |
_2ddc _cBOOK _n0 |
||
| 949 |
_aSA-JeALM _d240906 _umohamedma123 _n1 |
||
| 999 |
_c73 _d73 |
||